000 00685cam a2200229 a 4500
001 000009426
005 20200929161605.0
008 830613s1979 cu 000 1 spa
035 _a(DLC) 81113515
040 _aDO-SdBNP
_cDLC
_dBNPHU
082 _aCu863.42
_b19
_bB467m
100 1 _aBenítez Rojo, Antonio,
_d1931-2005.
_924219
245 1 3 _aEl mar de las lentejas /
_cAntonio Benitez Rojo.
260 _aCiudad de La Habana, (Cuba) :
_bLetras Cubanas,
_c1979.
300 _a208 p. ;
_c19 cm.
490 1 _aAcuje
650 4 _aNovela cubana
_92316
650 4 _aLiteratura cubana
_91483
830 0 _aAcuje
_923426
910 _aCatalogación por copia / LC
049 _ann
_bB467m
999 _c9186
_d9186